000 00794nam a22002297a 4500
001 41505
003 BD-RjUL
005 20211209053413.0
008 160531s1987 bg ||||| |||| 00| 0 ben d
020 _c: TK 10.00
035 _a(BD-RjUL)41623
040 _aBD-RjUL
_bben
_cBD-RjUL
041 _aben
082 _223
_a297
_bJAI 1987
100 _aজালালাবাদী, আবদুল মতীন
_9127559
245 1 0 _aইসলাম ও কৃষি /
_cআবদুল মতীন জালালাবাদী
260 _aঢাকা :
_bইসলামিক ফাউণ্ডেশন,
_c১৯৮৭
300 _a[১২], ৬২ পৃ. ;
_c২১ সেমি.
650 _aইসলাম
_9127560
650 _aIslam
_9127561
942 _2ddc
_cBK
999 _c41505
_d41505